| 000 | 00570cam a2200205 4500 | ||
|---|---|---|---|
| 001 | 5167 | ||
| 005 | 20181127174931.0 | ||
| 010 | _a 68136258 | ||
| 015 | _aB68-16097 | ||
| 020 | _a9789350880081 | ||
| 100 | 1 | _aKettle, Arnold. | |
| 245 | 0 | 0 | _aKarl Marx: founder of modern Communism. |
| 250 | _a1st ed. | ||
| 260 |
_aNew Delhi : _bMahaveer Pub, _c2013 |
||
| 300 |
_a168 p. _billus., facsims., ports. _c21 cm. |
||
| 490 | 0 | _aPathfinder biographies | |
| 504 | _aBibliography: p. 121-122. | ||
| 600 | 1 | 0 |
_aMarx, Karl, _d1818-1883. _v |
| 740 | 0 | _aFounder of modern communism. | |
| 999 |
_c4329 _d4329 |
||